Geometry and physics /
Guardado en:
| Autor Principal: | |
|---|---|
| Formato: | Libro |
| Idioma: | English |
| Publicado: |
Heidelberg ; London ; New York :
Springer,
c2009.
|
| Materias: | |
| Etiquetas: |
Agregar Etiqueta
Sin Etiquetas, Sea el primero en etiquetar este registro!
|
| LEADER | 01051cam a22003017a 4500 | ||
|---|---|---|---|
| 001 | MAT.inmabb006817 | ||
| 008 | 090803s2009####gw#a#####b####001#0#eng## | ||
| 005 | 20150625164546.0 | ||
| 245 | 1 | 0 | |a Geometry and physics / |c Jürgen Jost. |
| 260 | |a Heidelberg ; |a London ; |a New York : |b Springer, |c c2009. | ||
| 300 | |a xiv, 217 p. : |b il. ; |c 24 cm. | ||
| 504 | |a Incluye referencias bibliográficas (p. 209-212) e índice. | ||
| 510 | 4 | |a MR, |c 2010k:58002 | |
| 020 | |a 9783642005404 (hbk.) | ||
| 020 | |a 3642005403 (hbk.) | ||
| 020 | |a 3642005411 (ebk.) | ||
| 020 | |a 9783642005411 (ebk.) | ||
| 100 | 1 | |a Jost, Jürgen, |d 1956- | |
| 650 | 0 | |a Geometry, Differential. | |
| 650 | 0 | |a Mathematical physics. | |
| 650 | 0 | |a Quantum theory. | |
| 650 | 4 | |a Hochenergiephysik |x Differentialgeometrie. | |
| 650 | 4 | |a Quantenfeldtheorie |x Riemannsche Geometrie. | |
| 084 | |a 58-02 (53-02 81Txx) |2 msc2000 | ||
| 010 | |a 2009934053 | ||
| 016 | 7 | |a 015298067 |2 Uk | |
| 040 | |a B9K |c B9K |d UKM |d MUU |d YDXCP |d OIP |d BTCTA |d BWX |d GBVCP |d OHX |d DLC | ||
| 859 | |h 58 |i J84 |p A-8855 |b BIB. MATEMATICA | ||
